Régions d'Azeroth - Statistiques

Statistiques générales
  • Ce quiz a été pris 3 fois
  • Le résultat moyen est 6 sur 10
Statistiques - réponses
Par images Réponse % Correct
Kalimdor
100%
Norfendre
100%
Pandarie
100%
Royaume de l'est
100%
Vashj'ir
67%
Iles brisées
33%
Iles des dragons
33%
Kezan
33%
Kul Tiras
33%
Zandalar
33%
Aucun quiz correspondant
Distribution des résultats
% des personnes avec chaque résultat
Percentile par nombre de réponses
Votre historique - résultats
Vous n’avez pas pris ce quiz